000 00299nam a22001457a 4500
003 SGT
082 _a616.5
_bC15W
100 _aWELLER,RICHARD
245 _aCLINICAL DERMATOLOGY
250 _a5TH
260 _aBLACKWELL
_bWILEY
_c2015
300 _a438
650 _aHOMOEOPATHIC
942 _2ddc
_cBK
999 _c18537
_d18537